00499 2200157 4500001002100000008004100021035002000062245006800082110004400150260006100194300003000255084001600285082001000301650001800311990001200329INLIS000000000000786 ind  a0010-0924000244 aDasar-dasar KomunikasicDepartemen Kesehatan Republik Indonesia aDepartemen Kesehatan Republik Indonesia aJakarta :bDepartemen Kesehatan Republik Indonesiac1990 av, 26 halaman :c20,8 cm. a302.2 DEP d a302.2 aCommunication a0001217